Normal view
MARC view
Entry Personal Name
001 - CONTROL NUMBER
- control field: 54613
003 - CONTROL NUMBER IDENTIFIER
- control field: OSt
005 - DATE AND TIME OF LATEST TRANSACTION
- control field: 20220803133237.0
008 - FIXED-LENGTH DATA ELEMENTS
- fixed length control field: 220803|| aca||aabn | a|a d
040 ## - CATALOGING SOURCE
- Original cataloging agency: OSt
- Transcribing agency: OSt
100 ## - HEADING--PERSONAL NAME
- Personal name: Asian Institute of Transport development
670 ## - SOURCE DATA FOUND
- Source citation: Work cat.: (OSt)224364: Asian Institute of Transport development, Securitisation for Infrastructure financing, 2000